000 01159cam a22002415a 4500
001 L159694
008 110613s2016 xxka 000 0 eng u
035 _a(Sirsi) u159694
041 0 _aeng
050 _a690.241 $2 18
100 1 _aHooper, Brendon
_96168
110 2 _aRoyal Institution of Chartered Surveyors
_94900
245 0 0 _aGrandest of schemes
_bRICS awards 2016
260 _aLondon
_bRICS
_c2016
490 _aModus
_vNovember 2016, 26-31 (6)
505 2 _aProject of the year -- Building conservation -- Commercial -- Community benefit -- Design through innovation -- Tourism and leisure -- Infrastructure -- Residential -- Regeneration
520 _aProfiles the winners of the RICS Awards 2016, including Birmingham Gateway and Grand Central, Mount Stewart in Newtownards, Land Rover BAR America's Cup HQ and Facilities Building, Alder Hey Children's Hospital, Blackrock Quarry Training Centre, National Theatre Future, Emergency Care Centre of Queen Elizabeth Hospital, and Romilly Quarter in Barry.
521 _aIntroductory
590 _aKA
651 4 _aUnited Kingdom
_y
690 _aABOUT RICS-AWARDS-RICS AWARDS
942 _n0
999 _c84919
_d84919